000 01093cad a22002055a 4500
001 L157839
008 130531s2013 xxk f 000 0 eng d
035 _a(Sirsi) u157839
041 0 _aeng
110 2 _aUnited Kingdom
_bDepartment of Energy and Climate Change
_95850
245 0 0 _aEnergy trends and prices statistical release
_b30 May 2013
_h[electronic resource]
260 _aLondon
_bDECC
_c2013
490 0 _aDECC Press Notice
_v30 May 2013
520 _aIncludes statistics on energy production and consumption in total and by fuel. Statistics on monthly production and consumption of coal, electricity, gas, oil and total energy include data for the UK for the period up to the end of March 2013 while statistics on average temperatures, wind speeds, sun hours and rainfall include data for the UK for the period up to the end of April 2013.
590 _aKA
651 4 _aUnited Kingdom
690 _aEnergy
_96237
856 4 0 _uhttps://www.gov.uk/government/news/energy-trends-and-prices-statistical-release-30-may-2013
_zView the item free of charge at www.gov.uk
942 _n0
999 _c114993
_d114993